000 00473nam a2200169Ia 4500
008 090711s9999 xx 000 0 und d
082 _b69982
100 _aआपटे ह. ना.
245 _aयशवंतराव खरे
260 _c1928
300 _a311
600 _aआपटे ह. ना.
630 _aयशवंतराव खरे
700 _aआपटे ह. ना.
730 _aयशवंतराव खरे
942 _cBOOK
999 _c287685
_d287685